Statistiken für Deutsche Landkreise nach den ersten zwei Buchstaben in 4 min

Klicken Sie hier um das Quiz zu spielen!

Allgemein

  • Dieses Quiz wurde 6.265 mal gespielt
  • Das Durchschnittsergebnis liegt bei 312 aus 401

Antworten auf der Karte

Die Antworten werden auf der Karte rot bzw. grün angezeigt, abhängig davon wie oft sie richtig erraten wurden.
 

Antwortstatistiken

Landkreis% Korrekt
Region Hannover
98%
Grafschaft Bentheim
97%
Berchtesgadener Land
95%
Bergstraße
95%
Berlin
95%
Bernkastel-Wittlich
95%
Hagen
95%
Halle (Saale)
95%
Hamburg
95%
Hameln-Pyrmont
95%
Hamm
95%
Harburg
95%
Harz
95%
Haßberge
95%
Havelland
95%
Regionalverband
Saarbrücken
95%
St. Wendel
95%
Herzogtum Lauenburg
94%
Mansfeld-Südharz
94%
Städteregion Aachen
93%
Magdeburg
92%
Main-Kinzig-Kreis
92%
Main-Spessart
92%
Main-Tauber-Kreis
92%
Main-Taunus-Kreis
92%
Mainz
92%
Mainz-Bingen
92%
Mannheim
92%
Marburg-Biedenkopf
92%
Märkischer Kreis
92%
Märkisch-Oderland
92%
Mayen-Koblenz
92%
Bad Dürkheim
91%
Bad Kreuznach
91%
Bad Tölz-Wolfratshausen
91%
Baden-Baden
90%
Bad Kissingen
90%
Bamberg
90%
Barnim
90%
Bautzen
90%
Bayreuth
90%
Mühldorf am Inn
90%
Mülheim an der Ruhr
90%
München
90%
Münster
90%
Heidekreis
89%
Heidelberg
89%
Heidenheim
89%
Heilbronn
89%
Heinsberg
89%
Helmstedt
89%
Herford
89%
Herne
89%
Hersfeld-Rotenburg
89%
Rhein-Kreis Neuss
89%
Böblingen
88%
Bochum
88%
Bodenseekreis
88%
Bonn
88%
Börde
88%
Borken
88%
Bottrop
88%
Kaiserslautern
88%
Karlsruhe
88%
Kassel
88%
Kaufbeuren
88%
Leer
88%
Leipzig
88%
Leverkusen
88%
Saale-Holzland-Kreis
88%
Saalekreis
88%
Saale-Orla-Kreis
88%
Saalfeld-Rudolstadt
88%
Saarlouis
88%
Saarpfalz-Kreis
88%
Sächsische Schweiz -
Osterzgebirge
88%
Salzgitter
88%
Salzlandkreis
88%
Brandenburg an der Havel
87%
Braunschweig
87%
Breisgau-Hochschwarzwald
87%
Bremen
87%
Bremerhaven
87%
Koblenz
87%
Köln
87%
Konstanz
87%
Frankenthal (Pfalz)
86%
Frankfurt am Main
86%
Frankfurt (Oder)
86%
Freiburg im Breisgau
86%
Freising
86%
Freudenstadt
86%
Freyung-Grafenau
86%
Friesland
86%
Mecklenburgische
Seenplatte
86%
Meißen
86%
Memmingen
86%
Merzig-Wadern
86%
Mettmann
86%
Neumünster
86%
Rosenheim
86%
Rostock
86%
Rotenburg (Wümme)
86%
Roth
86%
Rottal-Inn
86%
Rottweil
86%
Weißenburg-Gunzenhausen
86%
Werra-Meißner-Kreis
86%
Lüchow-Dannenberg
85%
Lüneburg
85%
Neckar-Odenwald-Kreis
85%
Neuburg-Schrobenhausen
85%
Neumarkt i.d.OPf
85%
Neunkirchen
85%
Neustadt a.d. Aisch -
Bad Windsheim
85%
Neustadt a.d. Waldnaab
85%
Neustadt an
der Weinstraße
85%
Neu-Ulm
85%
Neuwied
85%
Recklinghausen
85%
Regen
85%
Regensburg
85%
Remscheid
85%
Rems-Murr-Kreis
85%
Rendsburg-Eckernförde
85%
Reutlingen
85%
Weiden i. d. OPf.
85%
Weilheim-Schongau
85%
Weimar
85%
Weimarer Land
85%
Wesel
85%
Wesermarsch
85%
Westerwaldkreis
85%
Wetteraukreis
85%
Hochsauerlandkreis
84%
Hochtaunuskreis
84%
Hof
84%
Hohenlohekreis
84%
Holzminden
84%
Höxter
84%
Kiel
84%
Kitzingen
84%
Lübeck
84%
Ludwigsburg
84%
Ludwigshafen am Rhein
84%
Ludwigslust-Parchim
84%
Nordfriesland
84%
Nordhausen
84%
Nordsachsen
84%
Nordwestmecklenburg
84%
Northeim
84%
Stade
84%
Starnberg
84%
Steinburg
84%
Steinfurt
84%
Stendal
84%
Stormarn
84%
Straubing
84%
Straubing-Bogen
84%
Stuttgart
84%
Dachau
83%
Dahme-Spreewald
83%
Darmstadt
83%
Darmstadt-Dieburg
83%
Erding
83%
Erfurt
83%
Erlangen
83%
Erlangen-Höchstadt
83%
Erzgebirgekreis
83%
Göppingen
83%
Görlitz
83%
Goslar
83%
Gotha
83%
Göttingen
83%
Biberach
82%
Bielefeld
82%
Birkenfeld
82%
Lahn-Dill-Kreis
82%
Landau in der Pfalz
82%
Landsberg am Lech
82%
Landshut
82%
Schaumburg
82%
Schleswig-Flensburg
82%
Schmalkalden-Meiningen
82%
Schwabach
82%
Schwäbisch Hall
82%
Schwalm-Eder-Kreis
82%
Schwandorf
82%
Schwarzwald-Baar-Kreis
82%
Schweinfurt
82%
Schwerin
82%
Wiesbaden
82%
Wilhelmshaven
82%
Wittenberg
82%
Wittmund
82%
Deggendorf
81%
Delmenhorst
81%
Dessau-Roßlau
81%
Miesbach
81%
Miltenberg
81%
Minden-Lübbecke
81%
Mittelsachsen
81%
Paderborn
81%
Passau
81%
Donau-Ries
80%
Donnersbergkreis
80%
Dortmund
80%
Duisburg
80%
Düren
80%
Düsseldorf
80%
Lichtenfels
80%
Limburg-Weilburg
80%
Lindau (Bodensee)
80%
Lippe
80%
Coburg
78%
Cochem-Zell
78%
Coesfeld
78%
Cottbus
78%
Gelsenkirchen
78%
Gera
78%
Germersheim
78%
Potsdam
78%
Potsdam-Mittelmark
78%
Augsburg
77%
Aurich
77%
Ostallgäu
77%
Diepholz
76%
Dillingen a.d. Donau
76%
Dingolfing-Landau
76%
Dithmarschen
76%
Osnabrück
76%
Ostalbkreis
76%
Osterholz
76%
Ostholstein
76%
Ostprignitz-Ruppin
76%
Waldeck-Frankenberg
76%
Waldshut
76%
Warendorf
76%
Wartburgkreis
76%
Wunsiedel i.
Fichtelgebirge
76%
Wuppertal
76%
Würzburg
76%
Altötting
75%
Fulda
75%
Fürstenfeldbruck
75%
Fürth
75%
Alb-Donau-Kreis
74%
Altenburger Land
74%
Altenkirchen
(Westerwald)
74%
Altmarkkreis Salzwedel
74%
Alzey-Worms
74%
Cham
74%
Chemnitz
74%
Hildburghausen
74%
Hildesheim
74%
Wolfenbüttel
74%
Wolfsburg
74%
Worms
74%
Dresden
73%
Emden
73%
Emmendingen
73%
Emsland
73%
Nürnberg
73%
Nürnberger Land
73%
Rastatt
73%
Ravensburg
73%
Lörrach
72%
Sömmerda
72%
Sonneberg
72%
Siegen-Wittgenstein
71%
Sigmaringen
71%
Soest
71%
Solingen
71%
Südliche Weinstraße
71%
Südwestpfalz
71%
Suhl
71%
Anhalt-Bitterfeld
70%
Ansbach
70%
Gießen
70%
Gifhorn
70%
Jena
70%
Jerichower Land
70%
Mönchengladbach
70%
Pinneberg
70%
Pirmasens
70%
Essen
69%
Esslingen
69%
Vogelsbergkreis
69%
Vogtlandkreis
69%
Vorpommern-Greifswald
69%
Vorpommern-Rügen
69%
Amberg
68%
Amberg-Sulzbach
68%
Ammerland
68%
Garmisch-Partenkirchen
68%
Kelheim
68%
Traunstein
68%
Trier
68%
Trier-Saarburg
68%
Burgenlandkreis
67%
Eichstätt
67%
Günzburg
67%
Gütersloh
67%
Kempten (Allgäu)
67%
Nienburg (Weser)
66%
Oberallgäu
66%
Segeberg
66%
Eichsfeld
65%
Eifelkreis Bitburg-Prüm
65%
Eisenach
65%
Oberbergischer Kreis
65%
Oberhausen
65%
Oberhavel
65%
Oberspreewald-Lausitz
65%
Oldenburg
65%
Olpe
65%
Aschaffenburg
64%
Cuxhaven
64%
Greiz
64%
Groß-Gerau
64%
Tübingen
64%
Kulmbach
63%
Kusel
63%
Tuttlingen
63%
Peine
62%
Celle
61%
Teltow-Fläming
61%
Flensburg
60%
Vechta
60%
Verden
60%
Rhein-Erft-Kreis
59%
Rheingau-Taunus-Kreis
59%
Rhein-Hunsrück-Kreis
59%
Rheinisch-
Bergischer Kreis
59%
Rhein-Lahn-Kreis
59%
Rhein-Neckar-Kreis
59%
Rhein-Pfalz-Kreis
59%
Rhein-Sieg-Kreis
59%
Rhön-Grabfeld
59%
Ulm
59%
Elbe-Elster
58%
Ennepe-Ruhr-Kreis
58%
Enzkreis
58%
Tirschenreuth
58%
Unterallgäu
58%
Spree-Neiße
57%
Unna
57%
Unstrut-Hainich-Kreis
57%
Calw
56%
Speyer
56%
Forchheim
55%
Krefeld
55%
Kronach
55%
Viersen
55%
Ahrweiler
54%
Odenwaldkreis
54%
Oder-Spree
54%
Zweibrücken
54%
Zwickau
54%
Ingolstadt
53%
Euskirchen
52%
Kleve
52%
Offenbach
52%
Offenbach am Main
52%
Ortenaukreis
52%
Prignitz
52%
Plön
51%
Vulkaneifel
51%
Pfaffenhofen a. d. Ilm
49%
Pforzheim
49%
Uckermark
49%
Uelzen
49%
Cloppenburg
48%
Aichach-Friedberg
47%
Zollernalbkreis
46%
Ebersberg
43%
Ilm-Kreis
43%
Kyffhäuserkreis
40%

Verteilung der Resultate

Perzentil nach korrekt beantworteten Fragen

Anzahl Personen mit jedem Resultat

Ihre Resultats-Entwicklung

Sie haben dieses Quiz noch nicht gespielt